<?xml version="1.0" encoding="UTF-8"?>
<marc:record xmlns:marc="http://www.loc.gov/MARC21/slim">
   <marc:leader>00000nam a2200000 a 4500</marc:leader>
   <marc:datafield ind1="1" ind2=" " tag="100">
      <marc:subfield code="a">Motschiunig, Ulrike</marc:subfield>
      <marc:subfield code="4">aut</marc:subfield>
      <marc:subfield code="e">Verfasser/-in</marc:subfield>
   </marc:datafield>
   <marc:datafield ind1=" " ind2=" " tag="653">
      <marc:subfield code="a">Freundschaft</marc:subfield>
   </marc:datafield>
   <marc:datafield ind1=" " ind2=" " tag="653">
      <marc:subfield code="a">Bilderbuch</marc:subfield>
   </marc:datafield>
   <marc:datafield ind1=" " ind2=" " tag="653">
      <marc:subfield code="a">Mut</marc:subfield>
   </marc:datafield>
   <marc:datafield ind1=" " ind2=" " tag="653">
      <marc:subfield code="a">Gemeinschaft</marc:subfield>
   </marc:datafield>
   <marc:datafield ind1=" " ind2=" " tag="653">
      <marc:subfield code="a">Erzählerische Bilderbücher</marc:subfield>
   </marc:datafield>
   <marc:datafield ind1=" " ind2=" " tag="653">
      <marc:subfield code="a">Begabung</marc:subfield>
   </marc:datafield>
   <marc:datafield ind1="0" ind2="0" tag="245">
      <marc:subfield code="a">Hoppla, kleiner Hase</marc:subfield>
   </marc:datafield>
   <marc:datafield ind1="0" ind2="0" tag="245">
      <marc:subfield code="b">Schulspaß auf der Hasenwiese</marc:subfield>
   </marc:datafield>
   <marc:datafield ind1=" " ind2="1" tag="264">
      <marc:subfield code="b">G&amp;G</marc:subfield>
      <marc:subfield code="c">2021</marc:subfield>
   </marc:datafield>
   <marc:datafield ind1="1" ind2=" " tag="520">
      <marc:subfield code="a">Ferienzeit im Hasenzirkus! Doch was einen ganzen Sommer lang tun? Schnell hat Katalina eine Idee: Wir gründen eine Hasenschule! Dann können wir den Bauernhoftieren tolle Sachen beibringen! Kuh Tilda staunt nicht schlecht, als sie plötzlich weitspringen soll. Schaf Emilia bricht sich beim Hakenschlagen fast das rechte Vorderbein! Und wie soll Ramiro, der stolze Hahn, hochspringen, ohne dabei mit seinen Flügeln zu flattern? Das lustige Spektakel nimmt seinen ungeplanten Lauf, doch als Emilia Hilfe braucht, sind die Tiere zur Stelle ... Ein weiteres Abenteuer mit Magnus, dem kleinen Hasen, das zeigt, wie Einzigartigkeit zur Vollkommenheit werden kann, wenn man seine besonderen Fähigkeiten mit der Gemeinschaft teilt!</marc:subfield>
   </marc:datafield>
   <marc:datafield ind1=" " ind2=" " tag="020">
      <marc:subfield code="a">9783707424072</marc:subfield>
      <marc:subfield code="9">9783707424072</marc:subfield>
   </marc:datafield>
</marc:record>
